[Event "EU-ch U16 Girls"]
[Site "Bratislava"]
[Date "2019.08.03"]
[Round "2"]
[White "Krasteva, Beloslava"]
[Black "Gombocz, Zsofia"]
[Result "1/2-1/2"]
[WhiteElo "2297"]
[BlackElo "1981"]
[PlyCount "72"]
[EventDate "2019.08.02"]
[EventType "swiss"]
[EventRounds "9"]
[EventCountry "SVK"]
[SourceTitle "CBM 191 Extra"]
[Source "ChessBase"]
[SourceDate "2019.09.30"]
[SourceVersion "1"]
[SourceVersionDate "2019.09.30"]
[SourceQuality "1"]

1. d4 d5 2. c4 e6 3. Nc3 Nf6 4. cxd5 exd5 5. Bg5 Be7 6. e3 c6 7. Bd3 h6 8. Bh4 0-0 9. Qc2 Re8 10. Nge2 Ne4 11. Bxe7 Qxe7 12. Bxe4 dxe4 13. Ng3 f5 14. d5 Na6 15. 0-0 Nb4 16. Qb3 Nxd5 17. Nxd5 cxd5 18. Qxd5+ Be6 19. Qa5 b6 20. Qa4 Qd7 21. Qb4 Rac8 22. b3 Rc2 23. Rad1 Qe7 24. Qa4 Rec8 25. Nh5 Qe8 26. Qxe8+ Rxe8 27. Ra1 Rec8 28. Nf4 Bf7 29. Rfe1 Rd8 30. Re2 Rdd2 31. Rxd2 Rxd2 32. Kf1 g5 33. Ke1 Rb2 34. Ne2 Kf8 35. g3 Ke7 36. Nd4 Kf6 1/2-1/2

[Event "EU-ch U16 Girls"]
[Site "Bratislava"]
[Date "2019.08.02"]
[Round "1"]
[White "Gombocz, Zsofia"]
[Black "Langvik, Ulrikke"]
[Result "1-0"]
[WhiteElo "1981"]
[BlackElo "1694"]
[PlyCount "73"]
[EventDate "2019.08.02"]
[EventType "swiss"]
[EventRounds "9"]
[EventCountry "SVK"]
[SourceTitle "CBM 191 Extra"]
[Source "ChessBase"]
[SourceDate "2019.09.30"]
[SourceVersion "1"]
[SourceVersionDate "2019.09.30"]
[SourceQuality "1"]

1. e4 e6 2. d4 d5 3. Nd2 c5 4. Ngf3 Nc6 5. exd5 exd5 6. Bb5 Bd6 7. dxc5 Bxc5 8. 0-0 Nge7 9. Nb3 Bd6 10. Nbd4 0-0 11. Nxc6 bxc6 12. Be2 Qc7 13. c4 Bg4 14. h3 Bf5 15. Be3 Rfd8 16. c5 Be5 17. Nxe5 Qxe5 18. Bd4 Qc7 19. Qd2 Ng6 20. Rfe1 Nf4 21. Ba6 Ne6 22. Be5 Qd7 23. Qb4 Nc7 24. Bf1 f6 25. Bd6 Ne6 26. Ba6 Nc7 27. Bb7 Ne6 28. Bxa8 Rxa8 29. Rad1 Qf7 30. Kh2 Ng5 31. Re3 Ne4 32. f3 Nxd6 33. cxd6 Rd8 34. Re7 Qg6 35. Rde1 a5 36. Qb6 Rf8 37. d7 1-0

[Event "HUN-chT2 Charousek 1819"]
[Site "Hungary"]
[Date "2019.01.27"]
[Round "6.10"]
[White "Marton, Jozsef"]
[Black "Gombocz, Zsofia"]
[Result "1/2-1/2"]
[WhiteElo "2060"]
[BlackElo "2032"]
[PlyCount "77"]
[EventDate "2018.09.23"]
[EventType "team-tourn"]
[EventRounds "11"]
[EventCountry "HUN"]
[SourceTitle "CBM 189 Extra"]
[Source "ChessBase"]
[SourceDate "2019.06.03"]
[SourceVersion "1"]
[SourceVersionDate "2019.06.03"]
[SourceQuality "1"]
[WhiteTeam "Tapolca Varosi"]
[BlackTeam "Haladas Szombathely II"]
[WhiteTeamCountry "HUN"]
[BlackTeamCountry "HUN"]

1. Nf3 d5 2. c4 e6 3. g3 Nf6 4. Bg2 d4 5. e3 Nc6 6. 0-0 Bc5 7. d3 0-0 8. Na3 e5 9. Nc2 Be6 10. b4 Nxb4 11. Nxe5 Qd6 12. Nf3 dxe3 13. Bxe3 Nxd3 14. Bxc5 Nxc5 15. Qxd6 cxd6 16. Ne3 Ng4 17. Nxg4 Bxg4 18. Rfd1 Rfd8 19. Rd4 Be6 20. Ng5 Rd7 21. Rad1 Rad8 22. h4 Bf5 23. Rd5 g6 24. Bh3 Bxh3 25. Nxh3 Ne4 26. R5d4 Nc3 27. R1d2 Rc7 28. Nf4 Rdc8 29. Rc2 Nb5 30. Re4 f5 31. Re3 Rxc4 32. Rb2 a6 33. Nd5 R8c5 34. Rbe2 Rxd5 35. Re8+ Kg7 36. R2e7+ Kf6 37. Re6+ Kg7 38. R6e7+ Kf6 39. Re6+ 1/2-1/2

[Event "Wch U16 Girls"]
[Site "Porto Carras"]
[Date "2018.10.29"]
[Round "10.23"]
[White "Golsta, Ramona"]
[Black "Gombocz, Zsofia"]
[Result "1/2-1/2"]
[WhiteElo "1681"]
[BlackElo "2038"]
[PlyCount "124"]
[EventDate "2018.10.20"]
[EventType "swiss"]
[EventRounds "11"]
[EventCountry "GRE"]
[SourceTitle "CBM 187 Extra"]
[Source "ChessBase"]
[SourceDate "2018.11.04"]
[SourceVersion "1"]
[SourceVersionDate "2018.11.04"]
[SourceQuality "1"]

1. e4 e5 2. Nf3 Nc6 3. Bc4 Bc5 4. c3 Nf6 5. d4 exd4 6. e5 d5 7. Be2 Ne4 8. cxd4 Bb6 9. 0-0 0-0 10. Nc3 Bf5 11. Be3 f6 12. exf6 Nxc3 13. bxc3 Qxf6 14. Qb3 Qd6 15. Rfe1 Rae8 16. Bb5 Na5 17. Qb4 Re6 18. Ne5 a6 19. Bd7 Re7 20. Ba4 Qf6 21. Nf3 h6 22. Ne5 Nc6 23. Bxc6 bxc6 24. Qa4 c5 25. Qxa6 cxd4 26. cxd4 Qh4 27. Qb5 Be4 28. f3 Rf6 29. fxe4 Qxe4 30. Qb1 Rxe5 31. dxe5 Bxe3+ 32. Kh1 Qxe5 33. Qb3 Re6 34. a4 c5 35. Rad1 c4 36. Qb5 c3 37. Qxd5 c2 38. Qxe5 Rxe5 39. Rd8+ Kf7 40. Rc8 Bc5 41. Rf1+ Kg6 42. g3 Rd5 43. Kg2 Rd2+ 44. Kh3 Ba3 45. Rc6+ Kh7 46. Rc7 Rd1 47. Rff7 c1Q 48. Rxg7+ Kh8 49. Rxc1 Rxc1 50. Rb7 Rc4 51. a5 Ra4 52. Rb6 Kg7 53. a6 Bc5 54. Rc6 Bd4 55. Kg4 Bg1+ 56. Kf5 Ra5+ 57. Kg4 Bxh2 58. Rc7+ Kg6 59. a7 Bg1 60. Rc6+ Kg7 61. Rc7+ Kg6 62. Rc6+ Kg7 1/2-1/2

[Event "Wch U16 Girls"]
[Site "Porto Carras"]
[Date "2018.10.27"]
[Round "8"]
[White "Gomez Barrera, Javiera Belen"]
[Black "Gombocz, Zsofia"]
[Result "1-0"]
[WhiteElo "2136"]
[BlackElo "2038"]
[PlyCount "87"]
[EventDate "2018.10.20"]
[EventType "swiss"]
[EventRounds "11"]
[EventCountry "GRE"]
[SourceTitle "CBM 187 Extra"]
[Source "ChessBase"]
[SourceDate "2018.11.04"]
[SourceVersion "1"]
[SourceVersionDate "2018.11.04"]
[SourceQuality "1"]

1. e4 e5 2. Nf3 Nc6 3. Bb5 a6 4. Ba4 Nf6 5. Qe2 b5 6. Bb3 Bc5 7. c3 d6 8. 0-0 0-0 9. Rd1 Bg4 10. h3 Bxf3 11. Qxf3 Bb6 12. d3 h6 13. Nd2 Na5 14. Bc2 Nh7 15. Nf1 Ng5 16. Qg3 Qf6 17. b4 Nc6 18. Bb3 Ne7 19. Ne3 Bxe3 20. Bxe3 Ng6 21. Qg4 Nf4 22. h4 Nge6 23. g3 Ng6 24. Qf5 Qe7 25. a4 Qd7 26. Qg4 Kh7 27. d4 Nc5 28. Qxd7 Nxd7 29. axb5 axb5 30. Rxa8 Rxa8 31. Bxf7 Nf6 32. f3 Ra3 33. Rc1 c6 34. Kf2 Nd7 35. h5 Ne7 36. Be6 Nf8 37. Bf7 Nd7 38. Rc2 Nf6 39. dxe5 dxe5 40. Bc5 Neg8 41. Bd6 Nd7 42. Bg6+ Kh8 43. Bf5 Ngf6 44. Rd2 1-0

[Event "Wch U16 Girls"]
[Site "Porto Carras"]
[Date "2018.10.24"]
[Round "6"]
[White "Goltseva, Ekaterina"]
[Black "Gombocz, Zsofia"]
[Result "1-0"]
[WhiteElo "2169"]
[BlackElo "2038"]
[PlyCount "62"]
[EventDate "2018.10.20"]
[EventType "swiss"]
[EventRounds "11"]
[EventCountry "GRE"]
[SourceTitle "CBM 187 Extra"]
[Source "ChessBase"]
[SourceDate "2018.11.04"]
[SourceVersion "1"]
[SourceVersionDate "2018.11.04"]
[SourceQuality "1"]

1. d4 d5 2. Nf3 Nf6 3. e3 e6 4. Bd3 Bd6 5. b3 c5 6. Bb2 Nc6 7. 0-0 0-0 8. c4 b6 9. Ne5 Bb7 10. Nd2 Qc7 11. f4 dxc4 12. bxc4 Rad8 13. Qe2 Nb4 14. Bb1 Nd7 15. a3 Na6 16. Ndf3 f5 17. Ng5 Rde8 18. Bc2 h6 19. Ngf3 Nf6 20. d5 Qc8 21. Ng6 Rf7 22. Nfe5 Rc7 23. Nh4 Ne4 24. Bxe4 fxe4 25. dxe6 Rxe6 26. Rad1 Bxe5 27. Bxe5 Rf7 28. Ba1 Qf8 29. f5 Rc6 30. Qg4 Bc8 31. Qxe4 Rcc7 1-0

[Event "HUN-chT2 Charousek 1819"]
[Site "Hungary"]
[Date "2018.09.23"]
[Round "1.12"]
[White "Gombocz, Zsofia"]
[Black "Kresz, Tamas"]
[Result "1-0"]
[WhiteElo "2032"]
[BlackElo "1744"]
[PlyCount "61"]
[EventDate "2018.09.23"]
[EventType "team-tourn"]
[EventRounds "11"]
[EventCountry "HUN"]
[SourceTitle "CBM 189 Extra"]
[Source "ChessBase"]
[SourceDate "2019.06.03"]
[SourceVersion "1"]
[SourceVersionDate "2019.06.03"]
[SourceQuality "1"]
[WhiteTeam "Haladas Szombathely II"]
[BlackTeam "Komlo Banyasz"]
[WhiteTeamCountry "HUN"]
[BlackTeamCountry "HUN"]

1. e4 e6 2. d4 d5 3. Nd2 Nc6 4. Ngf3 Nf6 5. e5 Nd7 6. c3 f6 7. exf6 Qxf6 8. Nb3 Bd6 9. Bg5 Qf7 10. Be2 e5 11. dxe5 Ndxe5 12. Nbd4 0-0 13. Bh4 Nxf3+ 14. Nxf3 Bg4 15. 0-0 Rae8 16. Re1 Qh5 17. Bg3 Bxg3 18. fxg3 Rf6 19. Qd2 Rh6 20. h4 Rhe6 21. c4 d4 22. Rac1 Qc5 23. Bd3 Nb4 24. Rxe6 Rxe6 25. Ng5 Re3 26. Bxh7+ Kh8 27. a3 Nd3 28. Bxd3 Be2 29. Bxe2 d3 30. Kh2 Qe5 31. Nf7+ 1-0